000 00356nam a2200121Ia 4500
005 20260328104310.0
008 260328s9999||||xx |||||||||||||| ||und||
100 _aDe Sedas, Alejandro
245 0 _aUn recorrido por el sendero, El Charco :
_b Parque Nacional Soberanía, Panamá /
_cAlejandro De Sedas
300 _a77 p.
650 _aPANAMÁ
942 _cBK
999 _c10911
_d10911